Molinos tradicionales del norte de Zamora / (Record no. 183986)
[ view plain ]
| 000 -LEADER | |
|---|---|
| campo de control de longitud fija | 01372nam a2200325 i 4500 |
| 001 - NÚMERO DE CONTROL | |
| campo de control | 183986 |
| 003 - IDENTIFICADOR DE NÚMERO DE CONTROL | |
| campo de control | ES-MaACL |
| 005 - FECHA Y HORA DE LA ÚLTIMA TRANSACCIÓN | |
| campo de control | 20251017063115.0 |
| 008 - DATOS DE LONGITUD FIJA--INFORMACIÓN GENERAL | |
| campo de control de longitud fija | 150127s1999 sp abo c |||| ||spa d |
| 017 ## - NÚMERO DE COPYRIGHT O DE DEPÓSITO LEGAL | |
| Número de copyright o de depósito legal | S 1257-1999 |
| Agencia que asigna | Oficina Depósito Legal Salamanca |
| 020 ## - NÚMERO INTERNACIONAL ESTÁNDAR DEL LIBRO | |
| Número Internacional Estándar del Libro | 84-920047-9-7 |
| 080 ## - NÚMERO DE LA CLASIFICACIÓN DECIMAL UNIVERSAL | |
| Número de la Clasificación Decimal Universal | 621.223(460.184) |
| 100 1# - ENTRADA PRINCIPAL--NOMBRE DE PERSONA | |
| Nombre de persona | Fuentes Ganzo, Eduardo, |
| Fechas asociadas al nombre | 1961- |
| 9 (RLIN) | 156224 |
| 245 10 - MENCIÓN DEL TÍTULO | |
| Título | Molinos tradicionales del norte de Zamora / |
| Mención de responsabilidad, etc. | Eduardo Fuentes Ganzo, Armando Fuentes Ganzo ; fotografías de Juan José González Vega. |
| 260 ## - PUBLICACIÓN, DISTRIBUCIÓN, ETC. | |
| Lugar de publicación, distribución, etc. | Benavente : |
| Nombre del editor, distribuidor, etc. | Centro de Estudios Benaventanos "Ledo del Pozo", |
| Fecha de publicación, distribución, etc. | 1999. |
| 300 ## - DESCRIPCIÓN FÍSICA | |
| Extensión | 125 p. : |
| Otras características físicas | il. col., fot. ; |
| Dimensiones | 24 cm. |
| 490 1# - MENCIÓN DE SERIE | |
| Mención de serie | Exposiciones y catálogos ; |
| Designación de volumen o secuencia | 2 |
| 500 ## - NOTA GENERAL | |
| Nota general | Glosario. |
| 504 ## - NOTA DE BIBLIOGRAFÍA, ETC. | |
| Nota de bibliografía, etc. | Bibliografía: p. 123-125. |
| 650 07 - PUNTO DE ACCESO ADICIONAL DE MATERIA--TÉRMINO DE MATERIA | |
| Término de materia o nombre geográfico como elemento de entrada | Molinos de agua- |
| Subdivisión geográfica | España. |
| 9 (RLIN) | 15137 |
| 655 #7 - TERMINO DE INDIZACIÓN--GENERO/FORMA | |
| Fuente del término | tgfbne |
| 9 (RLIN) | 193628 |
| Datos o término principal de género/forma | Catálogos de exposiciones |
| 700 1# - ENTRADA AGREGADA--NOMBRE PERSONAL | |
| Nombre de persona | Fuentes Ganzo, Armando. |
| 9 (RLIN) | 156225 |
| 700 1# - ENTRADA AGREGADA--NOMBRE PERSONAL | |
| Nombre de persona | González Vega, Juan José. |
| 9 (RLIN) | 156226 |
| 710 2# - ENTRADA AGREGADA--NOMBRE DE ENTIDAD CORPORATIVA | |
| Nombre de entidad corporativa o nombre de jurisdicción como elemento de entrada | Centro de Estudios Benaventanos "Ledo del Pozo" |
| 9 (RLIN) | 144530 |
| 830 00 - PUNTO DE ACCESO ADICIONAL DE SERIE-TÍTULO UNIFORME | |
| Título uniforme | Exposiciones y catálogos |
| Designación de volumen o secuencia | 2 |
| 9 (RLIN) | 187714 |
| 852 ## - LOCALIZACIÓN | |
| Ubicación | ES-MaACL |
| Número de control de estantería | A-13336 |
| itemnumber | 190951 |
| Sublocalización o colección | R.150333 |
| Ubicación en estantería | Depósito 1 |
| Signatura antigua | Olim: N-6336 |
| Donativo/Legado | Donación: Centro de Estudios Benaventanos |
| 914 ## - NOMBRE ENTIDAD DE DONANTE | |
| RLIN | 144530 |
| Nombre de congreso/reunión o jurisdicción como elemento de entrada | Centro de Estudios Benaventanos "Ledo del Pozo" |
| Unidad subordinada | Donante |
| 942 ## - ELEMENTOS DE ENTRADA SECUNDARIOS (KOHA) | |
| Fuente del sistema de clasificación o colocación | Clasificación decimal universal |
| Tipo de ítem Koha | Libro impreso |
| Estatus retirado | Estado de pérdida | Fuente del sistema de clasificación o colocación | Estado de daño | No para préstamo | Biblioteca de origen | Biblioteca actual | Ubicación en estantería | Fecha de adquisición | Fuente de adquisición | Total de préstamos | Signatura topográfica completa | Código de barras | Visto por última vez | Precio de reemplazo | Tipo de ítem Koha |
|---|---|---|---|---|---|---|---|---|---|---|---|---|---|---|---|
| Clasificación decimal universal | Biblioteca del Ateneo de Madrid | Biblioteca del Ateneo de Madrid | Depósito 1 | 27/01/2015 | Donación | A-13336 | 1193472 | 23/02/2023 | 23/02/2023 | Libro impreso |
